Μουσική : θεωρία - σολφέζ - τραγούδια

Αποθηκεύτηκε σε:
Λεπτομέρειες βιβλιογραφικής εγγραφής
Κύριος συγγραφέας: Ερμήλιος, Θάνος
Μορφή: Βιβλίο
Γλώσσα:Greek
Δημοσίευση: Αθήναι : [χ.ό.], [19--;]
Θέματα:
Ετικέτες: Προσθήκη ετικέτας
Δεν υπάρχουν, Καταχωρήστε ετικέτα πρώτοι!

MARC

LEADER 00000cam a2200000 i 4500
001 1/28709
008 060504q19701980 gre d
035 |l 10083722 
040 |a GR-MY-UA  |b gre  |e aacr 
041 0 |a gre 
082 0 |a 792.0226  |2 (22) 
100 1 |a Ερμήλιος, Θάνος. 
245 1 0 |a Μουσική :  |b θεωρία - σολφέζ - τραγούδια /  |c Θάνου Ερμηλίου 
260 |a Αθήναι :   |b [χ.ό.],   |c [19--;] 
300 |a 168 σ.;  |c 24 εκ. 
500 |a Με: Θεατρικές σχολικές παραστάσεις: για όλες τις σχολικές γιορτές / Βασ. Γ. Χαρωνίτη. - Τα πρώτα μου τραγούδια: ανθολογία παιδικών τραγουδιών 318 τραγούδια - χοροί - ρυθμικά / Αγγελικής Καψάσκη - Λάμπρου. - Μουσική: στοιχεία θεωρίας, αρμονίας, μορφολογίας, οργανογνωσίας και ιστορίας της μουσικής / Γιάννη Ιωαννίδη. - Σχολική μουσική: νέον σύστημα διδασκαλίας: "η αυτενέργεια στη μουσική" σχολικά τραγούδια. - Μουσικά τραγούδια: μελωδικαί ασκήσεις 
521 |a Προς χρήσιν των μαθητών της μέσης εκπαιδεύσεως (γυμνασίων, παιδαγωγικών, ακαδημιών, εκκλησιαστικών σχολών) και των ωδείων 
650 0 0 |a Songs, Greek. 
650 0 0 |a Music theory. 
650 0 0 |a Music  |x Instruction and study. 
852 |a INST  |b RHODES  |c KRI  |e 20060504  |h  792.0226 ΧΑΡ  |p 005400020915  |q 005400020915  |t BK  |y 0 
901 |a BIBL4-2006-2 
909 |a Ρ  |b 122664 
970 |a ΚΟΖΑ  |b ΜΑΡΙΑ  |z 2006/05/04